000 00601nam a22001937a 4500
010 _aA-997066
035 _aA-997066
037 _bCen Lib / Ret
040 _aDPL
_bEn
082 _a344.54046
_bVAS
100 _aVashishth, Vikas
245 _aBharat's law & practice of environmental laws in india /
_cby Vikas Vashisthth
260 _aNew Delhi
_bBharat Law House
_c1999
270 _a222, Tarun Enclave Pitampura
_bNew Delhi
300 _a696p ;
_c25cm(Hb)
650 _aEnvironmental law -- India.
650 _aEnvironmental law.
942 _2ddc
_cEN
_h344.54046
_mVAS
999 _c136901
_d136901